| 000 | 00617nam a22001817a 4500 | ||
|---|---|---|---|
| 008 | 150408b xxu||||| |||| 00| 0 eng d | ||
| 020 | _a97730858 | ||
| 050 | _aLB1739.U58A652 | ||
| 100 |
_aUNISA _916957 |
||
| 245 |
_aApproaching literature and writing _bonly study guide for ENN101D _c/by UNISA |
||
| 260 |
_aPretoria _bUniversity of South Africa _c2005 |
||
| 300 |
_a44p. ; _c30cm. |
||
| 650 |
_aTeacher training _xManuals _916958 |
||
| 650 |
_aEnglish literature _xHistory and criticism _912762 |
||
| 650 |
_aEnglish writing _916967 |
||
| 700 |
_aRabinowitz, Ivan (ed.) _916964 |
||
| 942 |
_2lcc _cMONOGRAPH _01 |
||
| 999 |
_c122588 _d122588 |
||